<?xml version="1.0" encoding="UTF-8"?>
<collection xmlns="http://www.loc.gov/MARC21/slim">
 <record>
  <leader>02698cam a2200601   4500</leader>
  <controlfield tag="001">1645581934</controlfield>
  <controlfield tag="003">DE-627</controlfield>
  <controlfield tag="005">20240118081335.0</controlfield>
  <controlfield tag="007">tu</controlfield>
  <controlfield tag="008">190131s2018    ua ||||| r    00| ||fre c</controlfield>
  <datafield tag="020" ind1=" " ind2=" ">
   <subfield code="a">9782490128013</subfield>
   <subfield code="9">978-2-490128-01-3</subfield>
  </datafield>
  <datafield tag="035" ind1=" " ind2=" ">
   <subfield code="a">(DE-627)1645581934</subfield>
  </datafield>
  <datafield tag="035" ind1=" " ind2=" ">
   <subfield code="a">(DE-576)516780360</subfield>
  </datafield>
  <datafield tag="035" ind1=" " ind2=" ">
   <subfield code="a">(DE-599)HEB439871581</subfield>
  </datafield>
  <datafield tag="035" ind1=" " ind2=" ">
   <subfield code="a">(OCoLC)1101127401</subfield>
  </datafield>
  <datafield tag="040" ind1=" " ind2=" ">
   <subfield code="a">DE-627</subfield>
   <subfield code="b">ger</subfield>
   <subfield code="c">DE-627</subfield>
   <subfield code="e">rda</subfield>
  </datafield>
  <datafield tag="041" ind1=" " ind2=" ">
   <subfield code="a">fre</subfield>
   <subfield code="a">eng</subfield>
  </datafield>
  <datafield tag="044" ind1=" " ind2=" ">
   <subfield code="c">XC-EG</subfield>
  </datafield>
  <datafield tag="084" ind1=" " ind2=" ">
   <subfield code="a">ALT-KA</subfield>
   <subfield code="q">DE-16</subfield>
   <subfield code="2">fid</subfield>
  </datafield>
  <datafield tag="084" ind1=" " ind2=" ">
   <subfield code="a">15.17</subfield>
   <subfield code="2">bkl</subfield>
  </datafield>
  <datafield tag="084" ind1=" " ind2=" ">
   <subfield code="a">21.88</subfield>
   <subfield code="2">bkl</subfield>
  </datafield>
  <datafield tag="245" ind1="1" ind2="0">
   <subfield code="a">Pottery in Hellenistic Alexandria</subfield>
   <subfield code="c">par Cécile Harlaut et John W. Hayes</subfield>
  </datafield>
  <datafield tag="264" ind1=" " ind2="1">
   <subfield code="a">Alexandrie</subfield>
   <subfield code="b">Centre d'études Alexandrines</subfield>
   <subfield code="c">2018</subfield>
  </datafield>
  <datafield tag="300" ind1=" " ind2=" ">
   <subfield code="a">361 Seiten</subfield>
   <subfield code="b">Illustrationen, Karte</subfield>
  </datafield>
  <datafield tag="336" ind1=" " ind2=" ">
   <subfield code="a">Text</subfield>
   <subfield code="b">txt</subfield>
   <subfield code="2">rdacontent</subfield>
  </datafield>
  <datafield tag="337" ind1=" " ind2=" ">
   <subfield code="a">ohne Hilfsmittel zu benutzen</subfield>
   <subfield code="b">n</subfield>
   <subfield code="2">rdamedia</subfield>
  </datafield>
  <datafield tag="338" ind1=" " ind2=" ">
   <subfield code="a">Band</subfield>
   <subfield code="b">nc</subfield>
   <subfield code="2">rdacarrier</subfield>
  </datafield>
  <datafield tag="490" ind1="1" ind2=" ">
   <subfield code="a">Études Alexandrines</subfield>
   <subfield code="v">45</subfield>
  </datafield>
  <datafield tag="505" ind1="8" ind2="0">
   <subfield code="t">Aux origines d'Alexandrie et de sa production céramique</subfield>
   <subfield code="r">par Cécile Harlaut</subfield>
  </datafield>
  <datafield tag="505" ind1="8" ind2="0">
   <subfield code="t">Hellenistic pottery deposits from Alexandria</subfield>
   <subfield code="r">par Cécile Harlaut et John W. Hayes</subfield>
  </datafield>
  <datafield tag="546" ind1=" " ind2=" ">
   <subfield code="a">Einleitung französisch, ein Teilwerk französisch, ein Teilwerk englisch</subfield>
  </datafield>
  <datafield tag="583" ind1="1" ind2=" ">
   <subfield code="a">Archivierung/Langzeitarchivierung gewährleistet</subfield>
   <subfield code="f">FID</subfield>
   <subfield code="2">pdager</subfield>
   <subfield code="5">DE-16</subfield>
  </datafield>
  <datafield tag="655" ind1=" " ind2="7">
   <subfield code="a">Verzeichnis</subfield>
   <subfield code="0">(DE-588)4188171-0</subfield>
   <subfield code="0">(DE-627)105266639</subfield>
   <subfield code="0">(DE-576)210051078</subfield>
   <subfield code="2">gnd-content</subfield>
  </datafield>
  <datafield tag="689" ind1="0" ind2="0">
   <subfield code="d">g</subfield>
   <subfield code="0">(DE-588)4001138-0</subfield>
   <subfield code="0">(DE-627)106398377</subfield>
   <subfield code="0">(DE-576)208841377</subfield>
   <subfield code="a">Alexandria</subfield>
   <subfield code="2">gnd</subfield>
  </datafield>
  <datafield tag="689" ind1="0" ind2="1">
   <subfield code="d">s</subfield>
   <subfield code="0">(DE-588)4030270-2</subfield>
   <subfield code="0">(DE-627)10430667X</subfield>
   <subfield code="0">(DE-576)208986731</subfield>
   <subfield code="a">Keramik</subfield>
   <subfield code="2">gnd</subfield>
  </datafield>
  <datafield tag="689" ind1="0" ind2="2">
   <subfield code="d">s</subfield>
   <subfield code="0">(DE-588)4024313-8</subfield>
   <subfield code="0">(DE-627)106299255</subfield>
   <subfield code="0">(DE-576)208954449</subfield>
   <subfield code="a">Hellenismus</subfield>
   <subfield code="2">gnd</subfield>
  </datafield>
  <datafield tag="689" ind1="0" ind2=" ">
   <subfield code="5">(DE-627)</subfield>
  </datafield>
  <datafield tag="700" ind1="1" ind2=" ">
   <subfield code="a">Harlaut, Cécile</subfield>
   <subfield code="e">VerfasserIn</subfield>
   <subfield code="0">(DE-588)1185539166</subfield>
   <subfield code="0">(DE-627)1664894233</subfield>
   <subfield code="4">aut</subfield>
  </datafield>
  <datafield tag="700" ind1="1" ind2=" ">
   <subfield code="a">Hayes, John W.</subfield>
   <subfield code="d">1938-</subfield>
   <subfield code="e">VerfasserIn</subfield>
   <subfield code="0">(DE-588)137551495</subfield>
   <subfield code="0">(DE-627)593653629</subfield>
   <subfield code="0">(DE-576)161338909</subfield>
   <subfield code="4">aut</subfield>
  </datafield>
  <datafield tag="730" ind1="0" ind2="2">
   <subfield code="a">Aux origines d'Alexandrie et de sa production céramique</subfield>
  </datafield>
  <datafield tag="730" ind1="0" ind2="2">
   <subfield code="a">Hellenistic pottery deposits from Alexandria</subfield>
  </datafield>
  <datafield tag="787" ind1="0" ind2="8">
   <subfield code="i">Rezensiert in</subfield>
   <subfield code="a">De Mitri, Carlo</subfield>
   <subfield code="t">[Rezension von: Cécile Harlaut, Aux origines d'Alexandrie et de sa production céramique]</subfield>
   <subfield code="d">2019</subfield>
   <subfield code="w">(DE-627)1804033138</subfield>
  </datafield>
  <datafield tag="830" ind1=" " ind2="0">
   <subfield code="a">Études alexandrines</subfield>
   <subfield code="v">45</subfield>
   <subfield code="9">45</subfield>
   <subfield code="w">(DE-627)362770654</subfield>
   <subfield code="w">(DE-576)081210159</subfield>
   <subfield code="w">(DE-600)2100076-1</subfield>
   <subfield code="x">1110-6441</subfield>
   <subfield code="7">ns</subfield>
  </datafield>
  <datafield tag="936" ind1="b" ind2="k">
   <subfield code="a">15.17</subfield>
   <subfield code="j">Klassische Archäologie</subfield>
   <subfield code="q">DA3</subfield>
   <subfield code="0">(DE-627)106419749</subfield>
  </datafield>
  <datafield tag="936" ind1="b" ind2="k">
   <subfield code="a">21.88</subfield>
   <subfield code="j">Keramik</subfield>
   <subfield code="x">Kunst</subfield>
   <subfield code="q">DA3</subfield>
   <subfield code="0">(DE-627)106405616</subfield>
  </datafield>
  <datafield tag="951" ind1=" " ind2=" ">
   <subfield code="a">BO</subfield>
  </datafield>
  <datafield tag="990" ind1=" " ind2=" ">
   <subfield code="a">Alexandria</subfield>
  </datafield>
  <datafield tag="990" ind1=" " ind2=" ">
   <subfield code="a">Keramik</subfield>
  </datafield>
  <datafield tag="990" ind1=" " ind2=" ">
   <subfield code="a">Hellenismus</subfield>
  </datafield>
  <datafield tag="991" ind1=" " ind2=" ">
   <subfield code="a">Rezensiertes Werk</subfield>
  </datafield>
  <datafield tag="999" ind1=" " ind2=" ">
   <subfield code="a">KXP-PPN1645581934</subfield>
   <subfield code="e">415343695X</subfield>
  </datafield>
  <datafield tag="991" ind1=" " ind2=" ">
   <subfield code="a">Rezensiertes Werk</subfield>
  </datafield>
  <datafield tag="999" ind1=" " ind2=" ">
   <subfield code="a">KXP-PPN1645581934</subfield>
   <subfield code="e">4153437034</subfield>
  </datafield>
 </record>
</collection>
